MDQL
is popping MORE tags! Check the
thread
!
Quizzes
Events
Quiz Creation
Community
Videos
Private Events
Remove Ads
Sign In
Join for FREE
Feedback
Dark Mode
Quiz Categories
Sports
Geography
Music
Movies
Television
Just For Fun
Miscellaneous
History
Literature
Language
Science
Gaming
Entertainment
Religion
Holiday
For Kids
Quiz Lab
Recent
Popular Today
Quiz Kudos Today
Editor Picks
Curator Picks
Quizzes by...
Day
Popularity
Type
Ratings
Length
Year
Community
Subscriptions
Recent Discussions
Orange Saloon
Badges
Playlists
Quests
Create
Leaderboards
Showdown
Live 5
Trivia Bingo
Activity
Puzzle Library
Sporcle Events
Private Events
Virtual Trivia
Globe League
Become a Host
Pub Owners
SporcleCon
Opinionation
Our Games
Videos
Blog
Mobile Apps
Partnerships
Remove Ads and Go Orange
Feedback
Religion
Mythology
Religious Music
World Religions
Bible
Christianity
Catholicism
Judaism
Church
Scripture
Islam
Verse
Religion
Mythology
Religious Music
World Religions
Bible
Christianity
Catholicism
Judaism
Church
Scripture
Islam
Verse
Random Quiz
Search Sporcle
×
Quiz Lab
Quiz Lab
Religion
Bible
Type in answers that appear in a list
Type in answers that appear in a list
Classic
Best Score? Go Orange.
Named Women of the Bible Stats
Can you name the women of the Bible?
By
lauraellen
15m
134 Questions
946 Plays
946 Plays
946 Plays
Comments
Comments
Give Quiz Kudos
Give Quiz Kudos
-
- Ratings
hide this ad
Replay
Link that replays current quiz
Next Quiz
Link to next quiz in quiz playlist
You Got
0%
They Got
Avg Score
20%
Avg Friend Score
Upgrade to see
Score Distribution
Jump to the score distribution portion of the page
Score
0/134
Timer
15:00
0
Plays Today
Role
Name
% Correct
Mother of Jesus
Mary
94.7%
Wife of Abraham
Sarah
88.3%
Wife of Mahlon
Ruth
84.3%
First Woman
Eve
80.4%
Daughter of Laban, Wife of Jaboc
Rachel
79.5%
Wife of Isaac
Rebecca
77.8%
Queen of Persia
Esther
77.5%
Wife of Jacob
Leah
76.2%
Mother of John the Baptist
Elizabeth
70.8%
Wife of Uriah
Bath-sheba
67.9%
Sister of Aaron and Moses
Miriam
67.7%
Wife of Ahab
Jezebel
66.6%
Wife of Elimelech
Naomi
65.1%
Sister of Lazarus
Martha
64.7%
Sister of David, mother of Amasa
Abigail
63%
Wife of Elkanah, Mother of Samuel
Hannah
62.3%
Judge of Israel
Deborah
61%
Woman who Tricked Samson
Delilah
59.6%
Wife of Abraham
Hagar
58.6%
Daughter of Phanuel
Anna
53.4%
Daughter of Jacob
Dinah
47.2%
Wife of Aquilla
Priscilla
46%
Mother of Perez and Zerah
Tamar
45.9%
Daughter of Saul, Wife of David
Michal
42.9%
Convert to Christianity
Lydia
42.3%
Daughter of Beeri, Wife of Esau
Judith
38.1%
Prostitute of Jericho, Wife of Solomon
Rachab
37.8%
Woman Resurrected at Joppa
Dorcas
34.2%
Mother of James and John
Salome
34%
Daughter of Diblaim
Gomer
33.7%
Christian Raised from the Dead
Tabitha
33.2%
Friend of Jesus
Joanna
31.3%
Pagan Goddess
Diana
30.9%
Mother of Timothy
Eunice
29.6%
Emigrant to Bethlehem
Orpah
29.5%
Traveler with Jesus
Susanna
28.3%
Christian Woman of Corinth
Chloe
27.8%
Early Christian in Rome
Julia
27.8%
Grandmother of Timothy
Lois
27.1%
Wife of Elimelech
Mara
25.9%
Wife of Ananias
Sapphira
24.4%
Queen of Ethiopia
Candace
24.1%
Daughter of Herod Agrippa I
Bernice
23%
Daughter of Aristobulus
Herodias
22.9%
A Female Disciple
Claudia
22.3%
Role
Name
% Correct
Daughter of Zelophehad
Noah
22.3%
Wife of Heber, Murderer of Sisera
Jael
22%
Wife of Nahor, Sister of Abraham
Milcah
19.4%
Wife of Abraham
Keturah
18.8%
Wife of Jacob
Bilhah
18.5%
Mother of Ahaziah
Athaliah
17.7%
Midwife
Puah
17.2%
Mother of Aaron and Moses
Jochebed
17.1%
Early Christian Convert
Phebe
16.8%
Daughter of Herod Aggripa I
Drusilla
16.7%
Mother of John Mark the Apostle
Rhoda
15.7%
Daughter of Job
Jemima
15%
Wife of Abishur, second wife of King Rehoboam
Abihail
13.8%
Christian of Philippi
Euodia
13.5%
Daughter of Zur
Cozbi
12.8%
Wife of Lamech
Adah
12.5%
Daughter of Shua
Bathshua
11.9%
Athenian Christian
Damaris
11.7%
Daughter of Asher
Serah
11.6%
Concubine of Eliphaz, Daughter of Seir
Timna
11.3%
Prophetess
Noadiah
11.1%
Attendant of David
Abishag
10.8%
Mother of Gomer
Diblaim
9.1%
Roman Christian
Persis
8.7%
Queen of Persia
Hadassah
8%
Daughter of Job
Kezia
7.7%
Wife of Shallum
Huldah
7.2%
Wife of Judah
Shua
6.8%
Wife of Aaron
Elisheva
6.5%
Daughter of Zelophad
Tirzah
6.5%
Canaanite Goddess
Ashtoreth
6.2%
Daughter of Zechariah, wife of Ahaz
Abijah
6%
Wife of David
Haggith
5.9%
Roman Christian
Nymphas
5.9%
Wife of Elkanah
Peninnah
5.4%
Wife of David
Abital
5.1%
Wife of David
Eglah
4.8%
Daughter of Lamech
Naamah
4.7%
Wife of Joseph
Asenath
4.6%
Philippian Christian
Syntyche
4.3%
Concubine of Caleb
Ephah
3.6%
Daughter of Haran, Sister of Lot
Iscah
3.6%
Wife of Saul
Ahinoam
3.5%
Maternal Ancestor of Jesus
Nagge
3.3%
Wife of Uzziah, Mother of Jotham
Jerusha
3.1%
Role
Name
% Correct
Daughter of Elon
Bashemath
3%
Daughter of Job
Keren-happuch
3%
Daughter of Zelophahad
Mahlah
2.8%
Daughter of SAul
Merab
2.8%
Daughter of Caleb
Achsah
2.6%
Wife of Mered
Bithiah
2.6%
Wife of Ashur
Helah
2.6%
Wife of Hezekiah, Mother of Manasseh
Hephzibah
2.6%
Daughter of Zelophehad
Hoglah
2.6%
Wife of Saul
Rizpah
2.6%
Daughter of Ephraim
Sheerah
2.6%
Wife of Ashur
Naarah
2.4%
Christian Disciple
Apphia
2%
Wife of Jerahmeel
Atarah
2%
Wife of Caleb
Ephrath
2%
Daughter of Shilhi
Azubah
1.8%
Daughter of Ishmael, Wife of Esau
Mahalath
1.5%
Daughter of Sheshan
Ahlai
1.4%
Roman Christian
Tryphena
1.4%
Daughter of Joram
Jehosheba
1.3%
Daughter of Jeremiah, Wife of Josiah
Hamutal
1.2%
Wife of Caleb
Jerioth
1.2%
Wife of Nahor
Reumah
1.2%
Wife of Hadad
Mehetabel
1.1%
Daughter of Adaiah, Wife of Ammon
Jedidah
1%
Symbol of Idolatry
Aholah
0.8%
Wife of Shaharim
Hodesh
0.8%
Wife of Amaziah, Mother of Azariah
Jecoliah
0.8%
Wife of Joash
Jehoaddan
0.8%
Daughter of Hosea
Lo-ruamah
0.8%
Sepharvaim Moon Goddess
Anammelech
0.7%
Daughter of Machir, Sister of Gilead
Hammoleketh
0.7%
Daughter of Etam
Hazelelponi
0.7%
Wife of Machir, Wife of Caleb
Maachah
0.7%
Mother of Abijah
Michaiah
0.7%
Daughter of Dibri
Shelomith
0.6%
Roman Christian
Tryphosa
0.6%
Daughter of Haruz, Wife of Manasseh
Meshullemeth
0.4%
Daughter of Elnarthan
Nehushta
0.4%
Daughter of Solomon
Taphath
0.4%
Mother of Zabad
Shimeath
0.3%
Wife of Pharaoh
Tahpenes
0.3%
Mother of Jehozabad
Shimrith
0.2%
Assyrian Diety
Succoth-benoth
0.2%
Quiz Playlist
Details
Report
Send in Message
Add To Playlist
Classic:
Type in answers that appear in a list
Last Updated: Feb 12, 2019
Quiz Scoreboard
CHALLENGE
Sign Up to Join the Scoreboard
Show All
Scores
Hide
Comments
May contain spoilers
Recently Published
1-10 Letter E Words III
by El_Dandy
Language
2m
Street Fighter Characters
by Artimus82
Gaming
60s
College Basketball Coaching Resumes
by pancakes188
Sports
9m
More to Explore
Quiz From the Vault
Featured Blog Post
Where Did the Easter Bunny Come From?
hide this ad
You Might Also Like...
Tags
Bible Quiz
Role Quiz
name
Woman
Women
Today's Top Quizzes in Religion
Browse Religion
hide this ad
Today's Top Quizzes in Bible
Browse Bible
Top Contributed Quizzes in Religion
1
5-to-1: Children of Gods
2
5-to-1: European Churches
3
One Thing in Common: Mythology
4
One Thing in Common: Mythology II
5
One Thing in Common: Religion
6
Mythological Creature Bunker
7
One Thing in Common: Religion and Mythology
8
Prime Time: Religion
9
Murdered Mythical Monsters
10
10 to 1: Islam
Explore More
Trending Topics
Marvel
Anime
Kpop
NBA
Crossword
Harry Potter
Disney
WWE
Pokémon
Song
NFL
Soccer
The Office
Country
Puzzle
hide this ad
More By:
lauraellen
Quiz
Plays
Rating
Category
Featured
Created
Named Women of the Bible
946
3.60
Religion
Oct 2, 2009
Go to Creator's Profile
Score Distribution
Quiz Creator Spotlight
lauraellen
Follow
Send a Message
Quizzes Created
-
Created Quiz Play Count
-
More By This Creator
Popular Quizzes Today
1
Find the US States - No Outlines Minefield
2
Find the Countries of Europe - No Outlines Minefield
3
The Countries of the World
4
Find the US States
5
Risky Map Clicking: Biggest States A-Z
6
US States
7
Popular People in 1961
8
Movies - When Are They Set?
More Religion Quizzes
Mythological Creature by Phonetic Name
Editor's Pick
Trending Quizzes
Risky Map Clicking: Least Populous States A-Z
1-10 Letter G Words
1-10 Letter F Words
Countries of the World: 200 Million BC
Risky Map Clicking: Next State Alphabetically
Recently Updated
Most Oscar Losses (Acting)
pecheneg
Beyoncé Albums
pecheneg
Leaping Animals
pecheneg
Reality TV Shows (A-Z)
bhenderson79
Rickey Henderson's Hall of Fame Teammates
pecheneg
Champions League XIs: Arsenal
pecheneg
Quick Pick: Celebrities in WWE's Hall of Fame
aduchscher
A-Z Keypad Blitz II
pecheneg
Multiple Oscar Actors
pecheneg
Mystery Phrase Blitz: Oscar 'Best Actors'
pecheneg
Trending Topics
Harry Potter
Crossword
NBA
Kpop
Anime
Disney
Marvel
Song
WWE
Pokémon
Puzzle
Soccer
Country
NFL
The Office
Your Account Isn't Verified!
In order to create a playlist on Sporcle, you need to verify the email address you used during registration. Go to your
Sporcle Settings
to finish the process.
Report this User
Report this user for behavior that violates our
Community Guidelines
.
Details:
Send Report
Go to the Sporcle.com Mobile Site →
Comments